Lewis' General Knowledge Quiz #4 - Statistics

General Stats
  • This quiz has been taken 64 times
  • The average score is 6 of 20
Answer Stats
Hint Answer % Correct
What is the Zodiac symbol for Gemini? Twins
75%
What metal is the outer layer of the Statue of Liberty made from? Copper
60%
The Lotus is the national flower of what country? India
54%
What word means the killing of a king? Regicide
53%
During which month does Mardi Gras occur in New Orleans? February
51%
What large geometric glass structure serves as the main entrance to the Louvre Museum in Paris? Pyramid
51%
Jesse Pinkman is a character from which TV show? Breaking Bad
32%
Who did Marilyn Monroe marry in January 1954? Joe Dimaggio
32%
Who won the first season of American Idol? Kelly Clarkson
25%
The Plaka is the oldest quarter of which European city? Athens
21%
The first electronic mail was sent in which year? 1971
19%
In 1778 Which country introduced the first state controlled brothels? France
19%
In March 1971, who defeated boxer Muhammad Ali at Madison Square Garden? Joe Frazier
16%
Who was the last English monarch to win the throne on the battlefield? Henry VII
14%
The actress Caryn Johnson is better known by which name? Whoopi Goldberg
11%
Balbir Singh was a three-time Olympic medal winner in which sport? Hockey
9%
In which country were the 1948 Winter Olympics held? Switzerland
7%
What is the twentieth letter of the Greek alphabet? Upsilon
5%
A sestercentenary is an anniversary of how many years? 250
4%
What is a lively Spanish dance for two people, typically accompanied by castanets or guitar? Fandango
2%
No matching quizzes found
Score Distribution
Percent of People with Each Score
Percentile by Number Answered
Your Score History
You have not taken this quiz